000 00772nam a2200229Ia 4500
001 9274
003 GE_BSU
008 181216s||||||||xx |||||||||||||| ||und||
040 _cGE_BSU
080 _a821.353.1–32
100 _aლორთქიფანიძე,ნიკო
245 _aრჩეული თხზულებანი
245 _bმოთხრობები
245 _cრედ.ბ.ჟღენტი. ილუსტრ.მხატვ.ალ.ვეფხვაძე
260 _aთბილისი
260 _bსახელგამი
260 _c1953
300 _a522გვ.ილ.21სმ.
653 _aმოთხრობები
653 _aრჩეული თხზულებანი
942 _cBK
999 _c42573
_d42573